Statistics for Best of France Picture Quiz

Click here to take the quiz!

General Stats

  • This quiz has been taken 22 times
  • The average score is 9 of 15

Answer Stats

Answer% Correct
Croissants
90%
Louvre Museum
86%
Paris
81%
Wine
76%
Versailles
71%
Cheese
67%
Gerard Depardieu
62%
Perfumes
62%
French Bulldog
57%
Mont St. Michel
57%
TGV
48%
Cave Paintings
33%
Citroen 2CV
33%
Millau Viaduct
29%
Gilets Jaune
24%

Score Distribution

Percentile by Number Answered

Percent of People with Each Score

Your Score History

You have not taken this quiz